Human services for cultural minorities /

Bibliographic Details
Other Authors: Dana, Richard H. (Richard Henry), 1927-
Format: Book
Language:English
Published: Baltimore : University Park Press, [1981]
Subjects:

MARC

Tag First Indicator Second Indicator Subfields
LEADER 00000pam a2200000 a 4500
001 in00000089400
005 20151008063434.0
008 810910s1981 mduab b 00100 eng
010 |a  81016464  
020 |a 083911687X 
035 |a (OCoLC)07837313 
035 |9 AAK2232AM 
040 |a DLC  |c DLC  |d TXA  |d UtOrBLW 
043 |a n-us--- 
049 |a TXAM  |c [932852] 
050 0 0 |a HV3176  |b .H85 
082 0 |a 362.8/4/0973  |2 19 
245 0 0 |a Human services for cultural minorities /  |c edited by Richard H. Dana. 
264 1 |a Baltimore :  |b University Park Press,  |c [1981] 
264 4 |c ©1981 
300 |a xii, 366 pages :  |b illustrations, map ;  |c 23 cm. 
336 |a text  |b txt  |2 rdacontent 
337 |a unmediated  |b n  |2 rdamedia 
338 |a volume  |b nc  |2 rdacarrier 
504 |a Includes bibliographies and index. 
650 0 |a Social work with minorities  |z United States. 
700 1 |a Dana, Richard H.  |q (Richard Henry),  |d 1927- 
999 |a MARS 
999 f f |s eb2f9a3f-3bef-3aaa-a3bb-3bb2dd4948a3  |i da70a7da-5ece-39a1-a7fe-9da3e9c3ab09  |t 0 
952 f f |p ric  |a Texas A&M University  |b Rellis Campus  |c Joint Library Facility  |d Remote Storage  |t 0  |e HV3176 .H85  |h Library of Congress classification  |i unmediated -- volume  |m A14806146314 
998 f f |a HV3176 .H85  |t 0  |l Remote Storage